Формирование электронного пучка, выводимого из малогабаритного бетатрона; Сборник докладов 11 Международного совещания по применению ускорителей заряженных частиц в промышленности и медицине (ICAA'05), Санкт-Петербург, 10-14 октября 2005 г.

Bibliografiset tiedot
Parent link:Сборник докладов 11 Международного совещания по применению ускорителей заряженных частиц в промышленности и медицине (ICAA'05), Санкт-Петербург, 10-14 октября 2005 г..— 2005.— С. 332-335
Päätekijä: Рычков М. М. Максим Михайлович
Muut tekijät: Чахлов В. Л. Владимир Лукьянович
Yhteenveto:В докладе приводятся результаты теоретических и эксперим. исследований процессов вывода электронного пучка из малогабаритных бетатронов, разрабатываемых в ФГНУ "НИИ интроскопии". На основе уравнений Лагранжа рассматривается взаимосвязь динамики электронов и управляющего поля при значительных отклонениях от равновесной орбиты. Предложено описание азимутально-симметричных управляющих полей, полученное с учетом эксперим. измерений, на основе которого показываются особенности формирования электронного пучка при различных видах возмущения управляющего поля бетатрона. Показана возможность изменения пространственных характеристик пучка путем изменения начальных условий перед процессом вывода.
В фонде НТБ ТПУ отсутствует
Kieli:venäjä
Julkaistu: 2005
Aiheet:
Aineistotyyppi: MixedMaterials Kirjan osa
KOHA link:https://koha.lib.tpu.ru/cgi-bin/koha/opac-detail.pl?biblionumber=599700

MARC

LEADER 00000naa0a2200000 4500
001 599700
005 20250620091338.0
035 |a (RuTPU)RU\TPU\tpu\23831 
035 |a RU\TPU\tpu\23830 
090 |a 599700 
100 |a 20131028d2005 k||y0rusy50 ca 
101 0 |a rus 
102 |a RU 
200 1 |a Формирование электронного пучка, выводимого из малогабаритного бетатрона  |f М. М. Рычков, В. Л. Чахлов 
330 |a В докладе приводятся результаты теоретических и эксперим. исследований процессов вывода электронного пучка из малогабаритных бетатронов, разрабатываемых в ФГНУ "НИИ интроскопии". На основе уравнений Лагранжа рассматривается взаимосвязь динамики электронов и управляющего поля при значительных отклонениях от равновесной орбиты. Предложено описание азимутально-симметричных управляющих полей, полученное с учетом эксперим. измерений, на основе которого показываются особенности формирования электронного пучка при различных видах возмущения управляющего поля бетатрона. Показана возможность изменения пространственных характеристик пучка путем изменения начальных условий перед процессом вывода. 
333 |a В фонде НТБ ТПУ отсутствует 
463 |t Сборник докладов 11 Международного совещания по применению ускорителей заряженных частиц в промышленности и медицине (ICAA'05), Санкт-Петербург, 10-14 октября 2005 г.  |v С. 332-335  |d 2005 
610 1 |a труды учёных ТПУ 
700 1 |a Рычков  |b М. М.  |c физик  |c Заведующий лабораторией Томского политехнического университета, кандидат технических наук  |f 1977-  |g Максим Михайлович  |3 (RuTPU)RU\TPU\pers\27733  |9 12807 
701 1 |a Чахлов  |b В. Л.  |c физик  |c заслуженный деятель науки и техники Российской Федерации  |c заслуженный профессор Томского политехнического университета, доктор технических наук  |f 1934-2011  |g Владимир Лукьянович  |3 (RuTPU)RU\TPU\pers\19882  |4 070 
801 1 |a RU  |b 63413507  |c 20131028 
801 2 |a RU  |b 63413507  |c 20131028  |g RCR 
850 |a 63413507 
942 |c BK